000 00661nam a22001817a 4500
999 _c178571
_d178571
005 20210406171022.0
010 _aENG-129375
020 _a978-93-5388-352-2
_c1295.00
035 _aEN-112907
037 _bDBAD/PUB
082 _a341.230954
100 _aMurthy, C. S. R.
245 _aIndia in the United Nations: interplay of interests and principles/
_cC. S. R. Murthy
260 _aNew Delhi
_bSage Publication India
_c2020
270 _aB1/1-1 Mohan Cooperative Industrial Area Mathura Road
_bNew Delhi
_e110044
300 _axvi+299p.
_c22cm(hbk)
_bIncluding index and bibliographical references.
942 _2ddc
_cEN
_h341.230954
_mMUR